Manejo Integrado de Residuos Peligrosos y Especiales: (Registro nro. 8961)

Detalles MARC
000 -CABECERA
Campo de control 01115nam a22002897a 4500
005 - FECHA Y HORA DE LA ULTIMA TRANSACCION
Campo de control 20180803165624.0
008 - ELEMENTOS DE LONGITUD FIJA—INFORMACION GENERAL
Campo de control 150113b xxu||||| |||| 00| 0 spa d
020 ## - ISBN
ISBN 9789585745001
040 ## - FUENTE DE CATALOGACIÓN
Agencia catalogadora original CO-BoIAVH
Agencia transcriptora CO-BoIAVH
041 ## - IDIOMA
Código de idioma para texto/pista de sonido o título separado Español
044 ## - PAÍS DE PUBLICACIÓN
País de publicación Colombia
090 ## - CLASIFICACIÓN LOCAL
Colección EA
Consecutivo 00250
100 ## - ASIENTO PRINCIPAL--NOMBRE PERSONAL
Nombre personal Leal-Rubiano, Julio
245 ## - MENCION DE TITULO
Título Manejo Integrado de Residuos Peligrosos y Especiales:
Parte restante del título Alternativas de producción mas limpia en la agroindustria del Departamento del Meta
Mención de responsabilidad Julio, Leal-Rubiano... (et al.)
260 ## - PUBLICACION, DISTRIBUCION, ETC. (PIE DE IMPRENTA)
Lugar de publicación, distribución, etc. Villavicencio :
Nombre del editor, distribuidor, etc. Corporación para el Desarrollo Sostenible La Macarena-CORMACARENA,
-- Ecopetrol,
Fecha de publicación, distribución, etc. 2012.
300 ## - DESCRIPCION FISICA
Extensión 28 pag
Otros detalles físicos Fot (col), tab
Dimensiones 22 cm
504 ## - NOTA DE BIBLIOGRAFIA, ETC.
Nota de bibliografía Incluye referencias bibliográficas (pag 28)
650 ## - ASIENTO SECUNDARIO DE MATERIA - TERMINO TEMATICO
Término temático o nombre geográfico como elemento de entrada Impacto ambiental.
650 #6 - ASIENTO SECUNDARIO DE MATERIA - TERMINO TEMATICO
Término temático o nombre geográfico como elemento de entrada Residuos Industriales
650 #6 - ASIENTO SECUNDARIO DE MATERIA - TERMINO TEMATICO
Término temático o nombre geográfico como elemento de entrada Residuos Agrícolas
650 #6 - ASIENTO SECUNDARIO DE MATERIA - TERMINO TEMATICO
Término temático o nombre geográfico como elemento de entrada Residuos Peligrosos
650 ## - ASIENTO SECUNDARIO DE MATERIA - TERMINO TEMATICO
Término temático o nombre geográfico como elemento de entrada Efectos de la contaminación.
650 ## - ASIENTO SECUNDARIO DE MATERIA - TERMINO TEMATICO
Término temático o nombre geográfico como elemento de entrada Control ambiental
700 ## - ASIENTO SECUNDARIO - NOMBRE PERSONAL
Nombre personal Vargas-Riaño, Manlio Javier
700 ## - ASIENTO SECUNDARIO - NOMBRE PERSONAL
Nombre personal Linares, Sandra
942 ## - ELEMENTOS ADICIONALES (KOHA)
Sistema de clasificación Local
Tipo de ítem Libro
Existencias
Withdrawn status Lost status Sistema de Clasificación Damaged status No para préstamo Colección Inventariado Ubicación Permanente Ubicación actual Fecha de adquisición Fuente de Valor Valor Total Checkouts Número topográfico Inventario / Código de Barras Date last seen Ejemplar Price effective from Forma de adquisición Tipo de material
    Local     Educación Ambiental Inventariado 2017 Sala Fabio Quevedo Sala Fabio Quevedo 13/01/2015 Instituto 39000.00   EA-00250 034981 13/01/2015 Ej. 1 13/01/2015   Libro